[Event "Open International Graz"]
[Date "2026.02.17"]
[White "Dehtiarov, Roman"]
[Black "Ilkhomi, Jaloliddin"]
[WhiteElo "2430"]
[BlackElo "2353"]
[Round "5.5.6"]
[Result "1-0"]

d4 {[%clk 1:30:52]} Nf6 {[%clk 1:30:52]} c4 {[%clk 1:30:28]} e6 {[%clk 1:31:16]}
Nf3 {[%clk 1:30:51]} d5 {[%clk 1:31:41]} Nc3 {[%clk 1:30:56]} Bb4 {[%clk
1:31:27]} Qa4+ {[%clk 1:30:39]} Nc6 {[%clk 1:31:50]} a3 {[%clk 1:30:48]} Bxc3+
{[%clk 1:24:29]} bxc3 {[%clk 1:29:56]} O-O {[%clk 1:18:04]} Bg5 {[%clk 1:23:52]}
h6 {[%clk 1:17:29]} Bh4 {[%clk 1:23:23]} g5 {[%clk 1:15:07]} Bg3 {[%clk
1:12:32]} Ne4 {[%clk 1:15:27]} Qc2 {[%clk 1:01:41]} f5 {[%clk 1:12:10]} e3
{[%clk 0:58:42]} Bd7 {[%clk 0:52:41]} Bd3 {[%clk 0:53:00]} Be8 {[%clk 0:50:14]}
cxd5 {[%clk 0:44:53]} exd5 {[%clk 0:49:51]} c4 {[%clk 0:45:03]} Bf7 {[%clk
0:48:17]} Ne5 {[%clk 0:43:14]} f4 {[%clk 0:34:51]} Nxc6 {[%clk 0:31:06]} bxc6
{[%clk 0:35:15]} exf4 {[%clk 0:31:29]} Nxg3 {[%clk 0:28:12]} hxg3 {[%clk
0:30:55]} dxc4 {[%clk 0:28:39]} Bxc4 {[%clk 0:30:13]} Qxd4 {[%clk 0:28:40]} Qg6+
{[%clk 0:26:10]} Qg7 {[%clk 0:29:09]} Bxf7+ {[%clk 0:26:33]} Rxf7 {[%clk
0:29:29]} Rxh6 {[%clk 0:26:51]} gxf4 {[%clk 0:29:38]} gxf4 {[%clk 0:25:29]} Rxf4
{[%clk 0:29:26]} Rd1 {[%clk 0:24:17]} Rb8 {[%clk 0:23:02]} Kf1 {[%clk 0:11:50]}
Qxg6 {[%clk 0:21:42]} Rxg6+ {[%clk 0:12:14]} Kf8 {[%clk 0:21:59]} Rxc6 {[%clk
0:11:42]} Rf7 {[%clk 0:21:48]} f3 {[%clk 0:10:36]} Re7 {[%clk 0:21:20]} Rd2
{[%clk 0:09:47]} Rb3 {[%clk 0:21:00]} a4 {[%clk 0:09:07]} Ra3 {[%clk 0:21:04]}
Rc4 {[%clk 0:08:31]} c5 {[%clk 0:20:13]} Kf2 {[%clk 0:08:07]} Re5 {[%clk
0:20:18]} Kg3 {[%clk 0:04:38]} Ke7 {[%clk 0:19:53]} Kf4 {[%clk 0:05:01]} Re6
{[%clk 0:19:28]} Rd5 {[%clk 0:04:12]} Rg6 {[%clk 0:19:47]} Re4+ {[%clk 0:03:34]}
Kf7 {[%clk 0:18:22]} Rf5+ {[%clk 0:03:47]} Rf6 {[%clk 0:18:21]} Ke5 {[%clk
0:03:48]} Rxf5+ {[%clk 0:18:26]} Kxf5 {[%clk 0:04:17]} Rb3 {[%clk 0:18:25]} Ke5
{[%clk 0:04:13]} Rb4 {[%clk 0:17:44]} Kd5 {[%clk 0:04:36]}

[Variant "Standard"]
[Site "Europe Echecs"]

[Event "Open International Graz"]
[Date "2026.02.17"]
[White "Martins, Bruno Andre Leite"]
[Black "Gschnitzer, Adrian"]
[WhiteElo "2376"]
[BlackElo "2429"]
[Round "5.5.7"]
[Result "1/2-1/2"]

e4 {[%clk 1:30:16]} c5 {[%clk 1:30:52]} Nf3 {[%clk 1:30:38]} d6 {[%clk 1:31:16]}
d4 {[%clk 1:30:52]} cxd4 {[%clk 1:31:40]} Nxd4 {[%clk 1:31:15]} Nf6 {[%clk
1:32:02]} Nc3 {[%clk 1:31:31]} a6 {[%clk 1:32:26]} f3 {[%clk 1:28:24]} e5 {[%clk
1:32:36]} Nb3 {[%clk 1:28:43]} Be7 {[%clk 1:32:38]} Be3 {[%clk 1:28:22]} Be6
{[%clk 1:32:52]} Qd2 {[%clk 1:28:26]} h5 {[%clk 1:32:59]} Nd5 {[%clk 1:25:44]}
Nxd5 {[%clk 1:32:41]} exd5 {[%clk 1:26:04]} Bf5 {[%clk 1:33:04]} Be2 {[%clk
1:25:56]} a5 {[%clk 1:33:12]} a4 {[%clk 1:25:29]} O-O {[%clk 1:33:21]} O-O
{[%clk 1:25:38]} Nd7 {[%clk 1:33:43]} f4 {[%clk 1:25:23]} exf4 {[%clk 1:33:47]}
Bxf4 {[%clk 1:25:34]} Rc8 {[%clk 1:33:30]} c3 {[%clk 1:24:46]} Nf6 {[%clk
1:33:29]} Nd4 {[%clk 1:24:03]} Be4 {[%clk 1:24:22]} c4 {[%clk 1:23:08]} Bg6
{[%clk 1:22:49]} Bd3 {[%clk 1:22:50]} Qb6 {[%clk 1:22:06]} Bxg6 {[%clk 1:21:31]}
fxg6 {[%clk 1:22:22]} b3 {[%clk 1:21:06]} Ng4 {[%clk 1:21:55]} h3 {[%clk
1:20:13]} g5 {[%clk 1:22:03]} Rae1 {[%clk 1:19:14]} Bf6 {[%clk 1:07:55]} hxg4
{[%clk 1:19:06]} Qxd4+ {[%clk 0:35:43]} Qxd4 {[%clk 1:18:16]} Bxd4+ {[%clk
0:36:06]} Be3 {[%clk 1:18:32]} Rxf1+ {[%clk 0:35:14]} Kxf1 {[%clk 1:18:50]} Rf8+
{[%clk 0:34:06]} Kg1 {[%clk 1:18:05]} Re8 {[%clk 0:33:58]} Kf2 {[%clk 1:18:27]}
Rf8+ {[%clk 0:32:53]} Kg3 {[%clk 1:16:17]} h4+ {[%clk 0:28:37]} Kh2 {[%clk
1:16:29]} Bxe3 {[%clk 0:23:14]} Rxe3 {[%clk 1:16:49]} Rf2 {[%clk 0:13:33]} Re7
{[%clk 1:08:33]} Rf7 {[%clk 0:13:33]} Rxf7 {[%clk 1:02:51]} Kxf7 {[%clk
0:14:01]} Kg1 {[%clk 1:03:08]} Kf6 {[%clk 0:13:24]} Kf2 {[%clk 1:03:17]} Ke5
{[%clk 0:08:50]} Ke3 {[%clk 1:03:36]} b6 {[%clk 0:07:16]} Kd3 {[%clk 1:03:55]}
Kf4 {[%clk 0:06:11]} b4 {[%clk 1:04:16]} Kg3 {[%clk 0:04:02]} bxa5 {[%clk
1:04:19]} bxa5 {[%clk 0:04:12]} c5 {[%clk 1:04:31]} Kxg2 {[%clk 0:03:47]} cxd6
{[%clk 1:04:41]} h3 {[%clk 0:04:11]} d7 {[%clk 1:05:06]} h2 {[%clk 0:04:37]}
d8=Q {[%clk 1:05:24]} h1=Q {[%clk 0:05:01]} Kc4 {[%clk 1:04:10]} Qe1 {[%clk
0:02:17]} Qb6 {[%clk 0:56:06]} Qe2+ {[%clk 0:13:46]} Kc5 {[%clk 1:10:24]} Qe3+
{[%clk 0:11:49]} Kc6 {[%clk 1:08:58]} Qe8+ {[%clk 0:12:06]} Kc5 {[%clk 1:02:53]}
Qe3+ {[%clk 0:10:46]} Kb5 {[%clk 1:03:00]} Qb3+ {[%clk 0:10:52]} Kc6 {[%clk
0:48:00]} Qxa4+ {[%clk 0:11:07]} Qb5 {[%clk 0:47:27]} Qxg4 {[%clk 0:11:14]} Kc7
{[%clk 0:37:34]} Qf4+ {[%clk 0:10:35]} d6 {[%clk 0:37:51]} g4 {[%clk 0:10:50]}
Qd5+ {[%clk 0:32:06]} Kh2 {[%clk 0:11:17]} Kc8 {[%clk 0:22:34]} Qf8+ {[%clk
0:11:46]} Kc7 {[%clk 0:22:46]} Qf4 {[%clk 0:11:52]} Qh5+ {[%clk 0:20:29]} Kg1
{[%clk 0:11:37]} Kc6 {[%clk 0:14:44]} g3 {[%clk 0:10:25]} d7 {[%clk 0:13:56]}
Qf6+ {[%clk 0:10:17]} Kc7 {[%clk 0:14:02]} Qf4+ {[%clk 0:08:13]} Kc8 {[%clk
0:13:35]} Qc4+ {[%clk 0:08:08]} Kb7 {[%clk 0:13:04]} Qe4+ {[%clk 0:07:26]} Kb6
{[%clk 0:10:46]} Qe6+ {[%clk 0:04:28]} Kc7 {[%clk 0:11:09]} Qc4+ {[%clk
0:04:51]} Kd6 {[%clk 0:11:16]} Qa6+ {[%clk 0:05:03]} Kc7 {[%clk 0:08:05]} Qa7+
{[%clk 0:05:30]} Kc8 {[%clk 0:08:28]} Qa8+ {[%clk 0:05:33]} Kc7 {[%clk 0:08:52]}

[Variant "Standard"]
[Site "Europe Echecs"]

[Event "Open International Graz"]
[Date "2026.02.17"]
[White "Ambartsumian, Tyhran"]
[Black "Sowinski, Pawel"]
[WhiteElo "2364"]
[BlackElo "2413"]
[Round "5.5.8"]
[Result "1/2-1/2"]

e4 {[%clk 1:29:52]} c5 {[%clk 1:29:50]} Nf3 {[%clk 1:30:15]} d6 {[%clk 1:30:17]}
d4 {[%clk 1:30:38]} cxd4 {[%clk 1:30:44]} Nxd4 {[%clk 1:31:02]} Nf6 {[%clk
1:31:11]} Nc3 {[%clk 1:31:23]} a6 {[%clk 1:31:38]} h3 {[%clk 1:31:48]} e6 {[%clk
1:31:58]} g4 {[%clk 1:32:11]} h6 {[%clk 1:32:26]} Bg2 {[%clk 1:24:41]} Be7
{[%clk 1:32:49]} h4 {[%clk 1:10:37]} Nc6 {[%clk 1:32:23]} g5 {[%clk 1:11:02]}
hxg5 {[%clk 1:32:48]} hxg5 {[%clk 1:11:30]} Rxh1+ {[%clk 1:33:12]} Bxh1 {[%clk
1:11:58]} Nh7 {[%clk 1:33:36]} Nxc6 {[%clk 0:55:23]} bxc6 {[%clk 1:34:03]} Qh5
{[%clk 0:55:43]} Nf8 {[%clk 1:34:25]} b3 {[%clk 0:41:22]} e5 {[%clk 1:24:37]}
Be3 {[%clk 0:34:19]} g6 {[%clk 1:05:54]} Qh4 {[%clk 0:33:20]} Ne6 {[%clk
1:01:57]} O-O-O {[%clk 0:27:11]} Bxg5 {[%clk 1:01:35]} Bxg5 {[%clk 0:24:56]}
Qxg5+ {[%clk 1:02:00]} Qxg5 {[%clk 0:25:22]} Nxg5 {[%clk 1:02:27]} Rxd6 {[%clk
0:25:42]} Bb7 {[%clk 1:02:28]} Rd3 {[%clk 0:18:17]} Ke7 {[%clk 1:01:51]} Rg3
{[%clk 0:18:03]} Ne6 {[%clk 0:58:21]} Bg2 {[%clk 0:16:45]} Nf4 {[%clk 0:57:04]}
Bf1 {[%clk 0:15:50]} Rh8 {[%clk 0:55:32]} Kd2 {[%clk 0:15:34]} Rh1 {[%clk
0:52:43]} Be2 {[%clk 0:14:13]} Rh2 {[%clk 0:45:08]} Ke3 {[%clk 0:13:42]} c5
{[%clk 0:42:16]} Bc4 {[%clk 0:09:27]} Rh1 {[%clk 0:39:27]} Na4 {[%clk 0:09:13]}
Kd6 {[%clk 0:36:48]} Bxf7 {[%clk 0:07:44]} Re1+ {[%clk 0:36:00]} Kd2 {[%clk
0:08:08]} Re2+ {[%clk 0:36:26]} Kd1 {[%clk 0:08:26]} Rxf2 {[%clk 0:30:55]} Bxg6
{[%clk 0:08:46]} Rf1+ {[%clk 0:31:13]} Kd2 {[%clk 0:09:15]} Rf2+ {[%clk
0:31:26]} Kd1 {[%clk 0:09:41]}

[Variant "Standard"]
[Site "Europe Echecs"]

[Event "Open International Graz"]
[Date "2026.02.17"]
[White "Mohylnyi, Stepan"]
[Black "Deuer, Marius"]
[WhiteElo "2231"]
[BlackElo "2502"]
[Round "5.5.9"]
[Result "1/2-1/2"]

e4 {[%clk 1:30:57]} c6 {[%clk 1:30:55]} d4 {[%clk 1:31:23]} d5 {[%clk 1:31:22]}
Nc3 {[%clk 1:31:50]} dxe4 {[%clk 1:31:47]} Nxe4 {[%clk 1:32:18]} Nf6 {[%clk
1:32:09]} Nxf6+ {[%clk 1:32:44]} exf6 {[%clk 1:32:33]} c3 {[%clk 1:33:09]} Bd6
{[%clk 1:32:58]} Bd3 {[%clk 1:33:36]} O-O {[%clk 1:33:21]} Qc2 {[%clk 1:34:04]}
Re8+ {[%clk 1:33:45]} Ne2 {[%clk 1:34:32]} h5 {[%clk 1:34:09]} Be3 {[%clk
1:34:59]} Nd7 {[%clk 1:34:29]} O-O-O {[%clk 1:35:25]} b5 {[%clk 1:34:13]} d5
{[%clk 1:24:24]} c5 {[%clk 1:32:18]} Ng3 {[%clk 1:19:09]} Ne5 {[%clk 1:05:21]}
Bxb5 {[%clk 1:02:15]} Re7 {[%clk 0:57:14]} Ne4 {[%clk 0:57:52]} Rb8 {[%clk
0:54:51]} c4 {[%clk 0:52:12]} a6 {[%clk 0:44:24]} Ba4 {[%clk 0:51:58]} Reb7
{[%clk 0:39:17]} b3 {[%clk 0:47:57]} Bf5 {[%clk 0:39:41]} f3 {[%clk 0:47:53]}
Rb4 {[%clk 0:33:16]} Bd2 {[%clk 0:40:27]} Rxa4 {[%clk 0:25:48]} bxa4 {[%clk
0:40:44]} Qb6 {[%clk 0:26:15]} Qb3 {[%clk 0:39:24]} Qc7 {[%clk 0:21:33]} Qc2
{[%clk 0:32:24]} Qb6 {[%clk 0:13:35]} Qb3 {[%clk 0:27:11]} Nxc4 {[%clk 0:13:57]}
Qxb6 {[%clk 0:23:26]} Rxb6 {[%clk 0:14:21]} Bc3 {[%clk 0:17:59]} Bf4+ {[%clk
0:12:43]} Kc2 {[%clk 0:18:28]} Ne3+ {[%clk 0:12:03]} Kd3 {[%clk 0:18:52]} Nxd5
{[%clk 0:09:41]} g3 {[%clk 0:18:21]} Nxc3 {[%clk 0:06:24]} Kxc3 {[%clk 0:17:08]}
Be5+ {[%clk 0:06:31]} Kc4 {[%clk 0:16:48]} Rb4+ {[%clk 0:06:55]} Kxc5 {[%clk
0:17:10]} Rxa4 {[%clk 0:07:22]} Rd2 {[%clk 0:15:17]} Be6 {[%clk 0:06:04]} Kc6
{[%clk 0:12:13]} Rc4+ {[%clk 0:02:07]} Kb6 {[%clk 0:12:30]} Bc7+ {[%clk
0:02:16]} Kxa6 {[%clk 0:11:38]} Rb4 {[%clk 0:02:23]} Nd6 {[%clk 0:09:26]} Rb6+
{[%clk 0:01:19]} Ka7 {[%clk 0:09:55]} Rxd6 {[%clk 0:01:02]} Rxd6 {[%clk
0:10:21]} Bxd6 {[%clk 0:01:26]} a4 {[%clk 0:10:44]} Bc5+ {[%clk 0:00:37]} Kb8
{[%clk 0:02:43]} Bd5 {[%clk 0:13:43]} Rf1 {[%clk 0:12:57]} Bb4 {[%clk 0:09:34]}
f4 {[%clk 0:12:28]} Kh7 {[%clk 0:07:29]} Rb1 {[%clk 0:11:37]} Bd6+ {[%clk
0:05:35]} Kc8 {[%clk 0:11:52]} g5 {[%clk 0:05:12]} fxg5 {[%clk 0:08:47]} fxg5
{[%clk 0:05:35]} a5 {[%clk 0:09:05]} h4 {[%clk 0:04:57]} gxh4 {[%clk 0:07:40]}
gxh4 {[%clk 0:02:18]} a6 {[%clk 0:05:26]} Bxh2 {[%clk 0:00:59]} a7 {[%clk
0:05:37]} Bg3 {[%clk 0:00:36]} Rb7 {[%clk 0:05:46]} h3 {[%clk 0:00:33]} a8=Q
{[%clk 0:05:28]} h2 {[%clk 0:00:58]} Rxf7+ {[%clk 0:06:17]} Bxf7 {[%clk
0:01:25]} Qg2 {[%clk 0:05:31]} Be6+ {[%clk 0:00:35]} Kd8 {[%clk 0:05:27]} Bd6
{[%clk 0:00:37]} Ke8 {[%clk 0:04:57]}

[Variant "Standard"]
[Site "Europe Echecs"]

[Event "Open International Graz"]
[Date "2026.02.17"]
[White "Pranav Anand"]
[Black "Atoyan, Alberto"]
[WhiteElo "2606"]
[BlackElo "2335"]
[Round "5.5.10"]
[Result "1-0"]

e4 {[%clk 1:30:15]} c6 {[%clk 1:30:50]} d4 {[%clk 1:30:19]} d5 {[%clk 1:31:15]}
e5 {[%clk 1:30:45]} Bf5 {[%clk 1:31:39]} Nd2 {[%clk 1:30:56]} e6 {[%clk
1:31:52]} Nb3 {[%clk 1:31:22]} Nd7 {[%clk 1:31:25]} Nf3 {[%clk 1:31:46]} c5
{[%clk 1:30:20]} dxc5 {[%clk 1:29:55]} Bxc5 {[%clk 1:30:16]} Nxc5 {[%clk
1:30:05]} Qa5+ {[%clk 1:30:12]} c3 {[%clk 1:29:27]} Qxc5 {[%clk 1:30:35]} Qa4
{[%clk 1:22:01]} Ne7 {[%clk 1:22:43]} Nd4 {[%clk 1:12:05]} Qc7 {[%clk 1:13:36]}
f4 {[%clk 1:12:30]} O-O {[%clk 1:12:17]} Be2 {[%clk 1:12:52]} a6 {[%clk
1:05:36]} O-O {[%clk 1:12:14]} Be4 {[%clk 0:57:23]} Be3 {[%clk 1:10:59]} Nf5
{[%clk 0:47:44]} Nxf5 {[%clk 1:10:56]} Bxf5 {[%clk 0:47:48]} Qd4 {[%clk
1:02:55]} Rac8 {[%clk 0:44:13]} a4 {[%clk 1:02:45]} Qc5 {[%clk 0:39:50]} Qd2
{[%clk 1:02:13]} Qc6 {[%clk 0:39:53]} a5 {[%clk 1:00:10]} Rfd8 {[%clk 0:31:55]}
Bd4 {[%clk 0:58:17]} Be4 {[%clk 0:25:14]} Ra3 {[%clk 0:55:19]} Qc7 {[%clk
0:22:11]} Qe3 {[%clk 0:54:39]} Rf8 {[%clk 0:20:42]} c4 {[%clk 0:49:31]} Nb8
{[%clk 0:08:07]} b4 {[%clk 0:47:49]} Qc6 {[%clk 0:06:44]} Rc1 {[%clk 0:44:52]}
dxc4 {[%clk 0:04:42]} Rxc4 {[%clk 0:44:23]} Qxc4 {[%clk 0:03:37]} Bxc4 {[%clk
0:44:45]} Rxc4 {[%clk 0:04:04]} Rc3 {[%clk 0:36:37]} Rxc3 {[%clk 0:03:54]} Bxc3
{[%clk 0:37:00]} Bd5 {[%clk 0:03:33]} f5 {[%clk 0:34:10]} exf5 {[%clk 0:01:56]}
e6 {[%clk 0:34:34]} f6 {[%clk 0:01:23]} Bxf6 {[%clk 0:34:11]} Rxf6 {[%clk
0:00:34]} e7 {[%clk 0:34:35]} Bc6 {[%clk 0:00:37]} e8=Q+ {[%clk 0:34:51]} Bxe8
{[%clk 0:01:03]} Qxe8+ {[%clk 0:35:17]} Rf8 {[%clk 0:01:31]} Qe6+ {[%clk
0:35:39]} Kh8 {[%clk 0:01:41]} Qe7 {[%clk 0:36:06]} Kg8 {[%clk 0:01:50]} Qxb7
{[%clk 0:36:31]} h6 {[%clk 0:01:04]} h4 {[%clk 0:36:40]} h5 {[%clk 0:00:36]} g3
{[%clk 0:32:24]} Kh7 {[%clk 0:11:31]} Kg2 {[%clk 0:47:24]} Kh6 {[%clk 0:11:04]}
Kf3 {[%clk 0:47:36]} g6 {[%clk 0:07:47]} Ke3 {[%clk 0:45:39]} Re8+ {[%clk
0:05:40]} Kd3 {[%clk 0:45:53]} Rd8+ {[%clk 0:05:37]} Kc3 {[%clk 0:46:18]} Re8
{[%clk 0:05:40]} Qc7 {[%clk 0:46:12]} Rf8 {[%clk 0:04:44]} Kc4 {[%clk 0:46:22]}
Re8 {[%clk 0:05:02]} Kd5 {[%clk 0:46:30]} Rf8 {[%clk 0:05:16]} Ke6 {[%clk
0:46:24]} Rg8 {[%clk 0:05:37]} Qc1+ {[%clk 0:44:08]} Kh7 {[%clk 0:05:56]} Kd6
{[%clk 0:44:16]} Rf8 {[%clk 0:05:18]} Kc7 {[%clk 0:44:25]} Kg7 {[%clk 0:05:23]}
Qc5 {[%clk 0:44:34]} Re8 {[%clk 0:05:24]} b5 {[%clk 0:44:38]} axb5 {[%clk
0:05:19]} Qxb5 {[%clk 0:45:01]} Rf8 {[%clk 0:05:39]} Qxb8 {[%clk 0:45:12]} Rxb8
{[%clk 0:06:02]} Kxb8 {[%clk 0:45:38]} g5 {[%clk 0:06:28]} a6 {[%clk 0:46:04]}
f4 {[%clk 0:06:54]} gxf4 {[%clk 0:46:21]}

[Variant "Standard"]
[Site "Europe Echecs"]

[Event "Open International Graz"]
[Date "2026.02.17"]
[White "Raja Rithvik R"]
[Black "Krawczyk, Flawian"]
[WhiteElo "2535"]
[BlackElo "2334"]
[Round "5.5.11"]
[Result "1/2-1/2"]

d4 {[%clk 1:29:13]} Nf6 {[%clk 1:30:42]} c4 {[%clk 1:29:38]} g6 {[%clk 1:31:09]}
g3 {[%clk 1:29:13]} Bg7 {[%clk 1:28:07]} Bg2 {[%clk 1:29:37]} O-O {[%clk
1:28:27]} Nc3 {[%clk 1:29:58]} d6 {[%clk 1:24:08]} h3 {[%clk 1:30:12]} e5 {[%clk
1:21:17]} Nf3 {[%clk 1:30:21]} Nc6 {[%clk 1:21:40]} d5 {[%clk 1:27:11]} Ne7
{[%clk 1:21:24]} e4 {[%clk 1:22:54]} Nd7 {[%clk 1:19:44]} h4 {[%clk 1:20:58]} h6
{[%clk 1:15:43]} Be3 {[%clk 0:56:31]} f5 {[%clk 1:08:36]} Qd2 {[%clk 0:53:17]}
fxe4 {[%clk 1:08:00]} Nxe4 {[%clk 0:53:41]} Nf5 {[%clk 1:08:25]} O-O {[%clk
0:50:31]} Nf6 {[%clk 0:59:23]} Nh2 {[%clk 0:48:57]} Kh7 {[%clk 0:58:14]} Nxf6+
{[%clk 0:45:58]} Qxf6 {[%clk 0:57:38]} Be4 {[%clk 0:46:24]} Nd4 {[%clk 0:50:52]}
Kg2 {[%clk 0:29:29]} Bf5 {[%clk 0:47:05]} Qd3 {[%clk 0:29:55]} Bxe4+ {[%clk
0:44:27]} Qxe4 {[%clk 0:30:13]} Qf5 {[%clk 0:44:55]} Qxf5 {[%clk 0:30:29]} Nxf5
{[%clk 0:44:22]} Nf3 {[%clk 0:21:45]} e4 {[%clk 0:41:09]} Nd2 {[%clk 0:22:11]}
Rae8 {[%clk 0:40:56]} Rab1 {[%clk 0:21:20]} Rf7 {[%clk 0:34:25]} b3 {[%clk
0:18:43]} Bc3 {[%clk 0:26:49]} Rbd1 {[%clk 0:19:02]} Kg7 {[%clk 0:26:35]} Rfe1
{[%clk 0:14:33]} Nxe3+ {[%clk 0:26:09]} fxe3 {[%clk 0:14:22]} Ref8 {[%clk
0:23:38]} Re2 {[%clk 0:14:37]} Bxd2 {[%clk 0:24:05]} Rexd2 {[%clk 0:13:08]} Kf6
{[%clk 0:24:25]}

[Variant "Standard"]
[Site "Europe Echecs"]

[Event "Open International Graz"]
[Date "2026.02.17"]
[White "Silva, Pedro Gil Ferreira Da"]
[Black "Klimkowski, Jan"]
[WhiteElo "2329"]
[BlackElo "2532"]
[Round "5.5.12"]
[Result "1/2-1/2"]

e4 {[%clk 1:30:56]} c5 {[%clk 1:30:54]} Nf3 {[%clk 1:31:19]} d6 {[%clk 1:31:18]}
d4 {[%clk 1:31:42]} cxd4 {[%clk 1:31:43]} Nxd4 {[%clk 1:32:08]} Nf6 {[%clk
1:32:09]} Nc3 {[%clk 1:32:34]} a6 {[%clk 1:32:36]} h3 {[%clk 1:33:00]} e6 {[%clk
1:32:35]} g4 {[%clk 1:33:11]} h6 {[%clk 1:32:45]} a3 {[%clk 1:33:36]} b5 {[%clk
1:32:06]} Bg2 {[%clk 1:34:01]} Bb7 {[%clk 1:32:04]} Qe2 {[%clk 1:34:17]} Nc6
{[%clk 1:30:57]} Nxc6 {[%clk 1:32:41]} Bxc6 {[%clk 1:31:22]} b3 {[%clk 1:27:29]}
Be7 {[%clk 1:30:46]} Bb2 {[%clk 1:27:34]} Qd7 {[%clk 1:30:14]} h4 {[%clk
1:13:04]} e5 {[%clk 1:20:03]} Bf3 {[%clk 1:02:46]} Qd8 {[%clk 1:06:54]} g5
{[%clk 0:53:24]} Nd7 {[%clk 0:59:02]} gxh6 {[%clk 0:44:18]} Rxh6 {[%clk
0:59:26]} O-O-O {[%clk 0:44:28]} Bxh4 {[%clk 0:53:05]} Kb1 {[%clk 0:44:27]} Nf8
{[%clk 0:48:03]} Bg4 {[%clk 0:37:49]} Ng6 {[%clk 0:44:34]} f3 {[%clk 0:37:08]}
Bg5 {[%clk 0:36:59]} Rxh6 {[%clk 0:36:52]} Bxh6 {[%clk 0:36:53]} Qd3 {[%clk
0:36:21]} Ke7 {[%clk 0:31:31]} Nd5+ {[%clk 0:36:06]} Bxd5 {[%clk 0:31:57]} Qxd5
{[%clk 0:36:30]} Rb8 {[%clk 0:32:14]} Bh5 {[%clk 0:32:08]} Qc7 {[%clk 0:32:31]}
Rd3 {[%clk 0:31:44]} Rb6 {[%clk 0:18:23]} Bxg6 {[%clk 0:26:02]} fxg6 {[%clk
0:18:52]} Bc3 {[%clk 0:24:13]} Qc6 {[%clk 0:16:30]} Qg8 {[%clk 0:24:28]} Qe8
{[%clk 0:16:25]} Qd5 {[%clk 0:24:36]} Qc6 {[%clk 0:16:52]} Qg8 {[%clk 0:25:03]}
Qe8 {[%clk 0:09:22]} Qd5 {[%clk 0:25:28]} Qc6 {[%clk 0:08:34]}

[Variant "Standard"]
[Site "Europe Echecs"]

[Event "Open International Graz"]
[Date "2026.02.17"]
[White "Piekielny, Pawel"]
[Black "Ben Ari, Yannay"]
[WhiteElo "2316"]
[BlackElo "2467"]
[Round "5.5.13"]
[Result "1/2-1/2"]

e4 {[%clk 1:30:12]} c5 {[%clk 1:30:43]} Nf3 {[%clk 1:30:38]} d6 {[%clk 1:31:08]}
d4 {[%clk 1:31:03]} cxd4 {[%clk 1:31:33]} Nxd4 {[%clk 1:31:29]} Nf6 {[%clk
1:31:56]} Nc3 {[%clk 1:31:55]} a6 {[%clk 1:32:22]} h3 {[%clk 1:32:22]} e5 {[%clk
1:31:03]} Nf3 {[%clk 1:32:47]} Qc7 {[%clk 1:29:09]} a4 {[%clk 1:33:08]} Be6
{[%clk 1:17:33]} Be3 {[%clk 1:26:10]} Nc6 {[%clk 1:06:11]} Ng5 {[%clk 1:04:26]}
Na5 {[%clk 0:59:00]} Nxe6 {[%clk 0:56:56]} fxe6 {[%clk 0:59:26]} Bg5 {[%clk
0:42:23]} O-O-O {[%clk 0:54:08]} Bd3 {[%clk 0:41:26]} Kb8 {[%clk 0:51:00]} Qe2
{[%clk 0:39:53]} h6 {[%clk 0:45:03]} Bd2 {[%clk 0:35:23]} Rc8 {[%clk 0:41:08]}
O-O {[%clk 0:35:17]} g5 {[%clk 0:29:52]} Rfb1 {[%clk 0:30:16]} Nc6 {[%clk
0:25:03]} b4 {[%clk 0:29:30]} Nd4 {[%clk 0:25:22]} Qd1 {[%clk 0:22:54]} g4
{[%clk 0:23:55]} a5 {[%clk 0:18:15]} gxh3 {[%clk 0:18:39]} b5 {[%clk 0:17:10]}
Qg7 {[%clk 0:14:55]} g3 {[%clk 0:17:25]} Qg4 {[%clk 0:15:24]} Be2 {[%clk
0:09:57]} Nxe2+ {[%clk 0:08:23]} Qxe2 {[%clk 0:10:23]} Qxe2 {[%clk 0:08:45]}
Nxe2 {[%clk 0:10:50]} Rxc2 {[%clk 0:07:43]} bxa6 {[%clk 0:10:43]} Rh7 {[%clk
0:05:41]} Be3 {[%clk 0:08:04]} Rxe2 {[%clk 0:04:42]} axb7 {[%clk 0:02:54]} Rxb7
{[%clk 0:04:53]} Rxb7+ {[%clk 0:02:47]} Kxb7 {[%clk 0:05:22]} a6+ {[%clk
0:03:11]} Ka8 {[%clk 0:03:35]} Rc1 {[%clk 0:03:35]} Rxe3 {[%clk 0:01:31]} Rc8+
{[%clk 0:04:01]} Ka7 {[%clk 0:01:59]} fxe3 {[%clk 0:04:26]} Nxe4 {[%clk
0:01:44]} Rxf8 {[%clk 0:01:43]} Nxg3 {[%clk 0:02:02]} Rf6 {[%clk 0:01:32]} Kxa6
{[%clk 0:01:19]} Rxe6 {[%clk 0:01:43]} Ne4 {[%clk 0:01:40]} Rxh6 {[%clk
0:01:36]} Kb5 {[%clk 0:01:32]} Rh4 {[%clk 0:01:10]} Ng5 {[%clk 0:00:33]} Rh5
{[%clk 0:01:10]} Ne4 {[%clk 0:01:00]} Rh4 {[%clk 0:01:34]}

[Variant "Standard"]
[Site "Europe Echecs"]

[Event "Open International Graz"]
[Date "2026.02.17"]
[White "Dumbelovic, Novak"]
[Black "Zverev, Lev"]
[WhiteElo "2312"]
[BlackElo "2453"]
[Round "5.5.14"]
[Result "0-1"]

e4 {[%clk 1:30:58]} e5 {[%clk 1:27:23]} Nf3 {[%clk 1:31:05]} Nc6 {[%clk
1:27:49]} Bc4 {[%clk 1:30:57]} Bc5 {[%clk 1:28:12]} d3 {[%clk 1:30:43]} Nf6
{[%clk 1:28:34]} c3 {[%clk 1:30:58]} d6 {[%clk 1:28:58]} Nbd2 {[%clk 1:30:35]}
O-O {[%clk 1:28:51]} h3 {[%clk 1:26:15]} a5 {[%clk 1:28:54]} O-O {[%clk
1:24:56]} h6 {[%clk 1:29:18]} Re1 {[%clk 1:25:20]} Be6 {[%clk 1:29:44]} Bb5
{[%clk 1:25:36]} Nd7 {[%clk 1:28:41]} Nf1 {[%clk 1:24:54]} f5 {[%clk 1:29:05]}
exf5 {[%clk 1:25:03]} Bxf5 {[%clk 1:29:31]} d4 {[%clk 1:25:26]} exd4 {[%clk
1:29:21]} cxd4 {[%clk 1:25:53]} Bb6 {[%clk 1:29:43]} Ng3 {[%clk 1:26:15]} Bg6
{[%clk 1:30:07]} Be3 {[%clk 1:23:04]} Nb4 {[%clk 1:22:23]} Rc1 {[%clk 1:23:10]}
c6 {[%clk 1:19:42]} a3 {[%clk 1:23:14]} Nd5 {[%clk 1:19:08]} Bc4 {[%clk
1:20:29]} Bf7 {[%clk 1:17:02]} Bd2 {[%clk 1:16:40]} N7f6 {[%clk 1:16:34]} a4
{[%clk 1:05:45]} Qd7 {[%clk 0:57:00]} Qc2 {[%clk 0:56:20]} Rae8 {[%clk 0:54:01]}
Nf5 {[%clk 0:49:50]} Bd8 {[%clk 0:43:42]} N3h4 {[%clk 0:44:06]} Nh5 {[%clk
0:41:46]} Qb3 {[%clk 0:35:31]} Be6 {[%clk 0:33:27]} g4 {[%clk 0:29:16]} Bxh4
{[%clk 0:32:58]} Nxh4 {[%clk 0:29:36]} Qf7 {[%clk 0:28:43]} Rf1 {[%clk 0:25:46]}
Nhf4 {[%clk 0:23:47]} Rce1 {[%clk 0:13:18]} b5 {[%clk 0:04:55]} axb5 {[%clk
0:11:47]} cxb5 {[%clk 0:05:23]} Qxb5 {[%clk 0:09:05]} Nxh3+ {[%clk 0:05:42]} Kh2
{[%clk 0:08:59]} Nc7 {[%clk 0:06:09]} Bxe6 {[%clk 0:08:04]} Rxe6 {[%clk
0:06:37]} Qh5 {[%clk 0:05:32]} Nxf2 {[%clk 0:06:26]} Kg2 {[%clk 0:03:05]} Qxh5
{[%clk 0:03:44]} gxh5 {[%clk 0:03:34]} Nd3 {[%clk 0:04:01]} Rxf8+ {[%clk
0:02:28]} Kxf8 {[%clk 0:04:29]} Rf1+ {[%clk 0:02:42]} Ke8 {[%clk 0:04:44]} Bxa5
{[%clk 0:03:07]} Nd5 {[%clk 0:04:55]} Nf5 {[%clk 0:02:10]} N3f4+ {[%clk
0:19:33]} Kf3 {[%clk 0:12:44]} Nxh5 {[%clk 0:19:53]} Rh1 {[%clk 0:09:39]} Ndf6
{[%clk 0:19:48]} b4 {[%clk 0:04:15]} g5 {[%clk 0:16:11]} Nxh6 {[%clk 0:01:48]}
Re4 {[%clk 0:16:26]} b5 {[%clk 0:01:54]} g4+ {[%clk 0:16:45]} Kf2 {[%clk
0:00:35]} g3+ {[%clk 0:16:48]} Kg2 {[%clk 0:00:37]} Re2+ {[%clk 0:17:01]} Kf3
{[%clk 0:00:47]} Rf2+ {[%clk 0:16:34]} Ke3 {[%clk 0:01:17]} Nd5+ {[%clk
0:16:37]} Kd3 {[%clk 0:00:35]} g2 {[%clk 0:16:24]} Rg1 {[%clk 0:00:32]} Rf1
{[%clk 0:16:21]} Rxg2 {[%clk 0:00:33]} Ndf4+ {[%clk 0:16:42]} Kc4 {[%clk
0:00:31]} Nxg2 {[%clk 0:16:56]} b6 {[%clk 0:01:00]} Rb1 {[%clk 0:16:40]}

[Variant "Standard"]
[Site "Europe Echecs"]